LEADER 00758nam0-22003011i-450- 001 990001811080403321 005 20021010 035 $a000181108 035 $aFED01000181108 035 $a(Aleph)000181108FED01 035 $a000181108 100 $a20021010d--------km-y0itay50------ba 101 0 $aita 200 1 $aAccenni sugli zolfi$fMaria Molfino. 205 $a3. 210 $aChiavari$cTip. Argiroffo$d1885. 215 $a8 p.$d24 cm 610 0 $aZolfo 676 $a549.27 700 1$aMolfino,$bMaria$079574 801 0$aIT$bUNINA$gRICA$2UNIMARC 901 $aBK 912 $a990001811080403321 952 $a60 DONO COMES 14/25$b36806$fFAGBC 959 $aFAGBC 996 $aAccenni sugli zolfi$9410467 997 $aUNINA DB $aING01 LEADER 00923nam--2200337---450- 001 990003262640203316 005 20090604090022.0 035 $a000326264 035 $aUSA01000326264 035 $a(ALEPH)000326264USA01 035 $a000326264 100 $a20090604d1973----km-y0itay50------ba 101 $aeng 102 $aUS 105 $aa---||||001yy 200 1 $aElliptic functions$fSerge Lang 210 $aReading [etc.]$caddison-Wesley$d1973 215 $aXII, 326 p.$cill.$d24 cm 225 2 $aAdvanced book program 410 0$12001$aAdvanced book program 606 0 $aFunzioni ellittiche 676 $a515.9 700 1$aLANG,$bSerge$01160 801 0$aIT$bsalbc$gISBD 912 $a990003262640203316 951 $a515.9 LAN (A)$b1975/CBS$c515.9$d00222084 959 $aBK 969 $aSCI 979 $aRSIAV7$b90$c20090604$lUSA01$h0900 996 $aElliptic Functions$9349037 997 $aUNISA